| 000 | 00999nas a2200349 4500 | ||
|---|---|---|---|
| 001 | BR0501871 | ||
| 003 | BR-BrBNA | ||
| 005 | 20231205105236.0 | ||
| 007 | ta | ||
| 008 | 230509b bl.|||p| |||| 00| 00por d | ||
| 040 |
_aBR-BrBNA _bpor _cBiblioteca Nacional de Agricultura |
||
| 041 | _a(Pt) | ||
| 072 | _aF02 | ||
| 100 | 1 | _aMendonça, V. | |
| 100 | 1 | _aRamos, J.D. | |
| 100 | 1 | _aGontijo, T.C.A. | |
| 100 | 1 | _aMartins, P.C.C. | |
| 100 | 1 | _aDantas, D.J. | |
| 100 | 1 | _aPio, R. | |
| 100 | 1 | _aAbreu, N.A.A. de | |
| 245 | 1 | _aOsmocote e substratos alternativos na produção de mudas de maracujazeiro-amarelo | |
| 650 | _aPASSIFLORA EDULIS | ||
| 650 | _aMARACUJÁ | ||
| 650 | _aFERTILIZANTE | ||
| 650 | _aPROPAGAÇÃO VEGETATIVA | ||
| 650 | _aMUDA | ||
| 650 | _aSUBSTRATO | ||
| 650 | _aVIVEIRO | ||
| 773 | 0 |
_tCiência e Agrotecnologia (Brazil) _xISSN 1413-7054 _g(Jul-Aug 2004), v. 28(4) p. 799-806 _wBR0501871 |
|
| 909 |
_a202311 _bLúcia _c55 _dLúcia Elande |
||
| 942 |
_2AGRIS _n0 _cANA |
||
| 999 |
_c181945 _d181945 |
||